000 00542nam a2200169 i 4500
001 87816
003 ES-MaACL
005 20230906175739.0
007 t|
008 041223s1971 sp ||||1| spa d
100 1 _aLacarra, José María (
_d1907-1987)
_969329
245 1 0 _aVida de Alfonso el Batallador /
_cJosé Mª Lacarra.
260 _aZaragoza :
_bCaja de Ahorros de Zaragoza, Aragón y Rioja,
_c1971.
300 _a147 p. :
_bil. ;
_c22 cm.
600 1 4 _aAlfonso
_bI
_cRey de Aragón.
_9169515
852 _aES-MaACL
_jC-43758
_bR.78774
999 _c87816
_d87816